Normal view
MARC view
- Zucrow, Maurice.J, Hoffman, Joe .D
Entry Personal Name
001 - CONTROL NUMBER
- control field: 60598
003 - CONTROL NUMBER IDENTIFIER
- control field: NUST
005 - DATE AND TIME OF LATEST TRANSACTION
- control field: 20210628202600.0
008 - FIXED-LENGTH DATA ELEMENTS
- fixed length control field: 210628|| aca||aabn | a|a d
040 ## - CATALOGING SOURCE
- Original cataloging agency: NUST
- Transcribing agency: NUST
100 ## - HEADING--PERSONAL NAME
- Personal name: Zucrow, Maurice.J, Hoffman, Joe .D
670 ## - SOURCE DATA FOUND
- Source citation: Work cat.: (NUST): Zucrow, Maurice.J, Hoffman, Joe .D, Gas dynamics - vol- 2, multidimesional flow, 1977
